Counselling approach to careers guidance (Record no. 1384610)

MARC details
000 -LEADER
fixed length control field 00649nam a2200229Ia 4500
005 - DATE AND TIME OF LATEST TRANSACTION
control field 20250508163652.0
008 - FIXED-LENGTH DATA ELEMENTS--GENERAL INFORMATION
fixed length control field 008 250505s9999 xx 000 0 eng d
020 ## - INTERNATIONAL STANDARD BOOK NUMBER
International Standard Book Number 0-415-12172-8
037 ## - SOURCE OF ACQUISITION
Stock number Reference
040 ## - CATALOGING SOURCE
Original cataloging agency FEDL
Language of cataloging eng
Transcribing agency FEDL
041 ## - LANGUAGE CODE
Language code of text/sound track or separate title eng
Source of code eng
084 ## - COLON CLASSIFICATION NUMBER
Classification number 371.425, ALI
Assigning agency FEDL
100 ## - MAIN ENTRY--PERSONAL NAME
Personal name Ali Lynda
9 (RLIN) 402223
245 #0 - TITLE STATEMENT
Title Counselling approach to careers guidance
260 ## - PUBLICATION, DISTRIBUTION, ETC.
Place of publication, distribution, etc. London, UK
Name of publisher, distributor, etc. Routledge
Date of publication, distribution, etc. 1996
300 ## - PHYSICAL DESCRIPTION
Extent 198p.
365 ## - TRADE PRICE
Price type code GBP
Price amount 40
650 ## - SUBJECT ADDED ENTRY--TOPICAL TERM
Topical term or geographic name entry element Vocational guidance; Counselling
9 (RLIN) 775932
700 ## - ADDED ENTRY--PERSONAL NAME
Personal name Graham Barbara
9 (RLIN) 775933
942 ## - ADDED ENTRY ELEMENTS (KOHA)
Koha item type Reference
Classification part 371.425, ALI
Holdings
Withdrawn status Lost status Damaged status Not for loan Home library Current library Date acquired Cost, normal purchase price Total Checkouts Full call number Barcode Date last seen Price effective from Koha item type
        Department of Education Library Department of Education Library 2025-05-08 40.00   371.425, ALI EL0078117 2025-05-08 2025-05-08 Reference
Copyright @ Delhi University Library System